Normal view
MARC view
- Bacterial pollution of water.
Entry Topical Term
001 - CONTROL NUMBER
- control field: 3018
003 - CONTROL NUMBER IDENTIFIER
- control field: NUST
005 - DATE AND TIME OF LATEST TRANSACTION
- control field: 20170621112338.0
008 - FIXED-LENGTH DATA ELEMENTS
- fixed length control field: 170621|| aca||aabn | a|a d
040 ## - CATALOGING SOURCE
- Original cataloging agency: NUST
- Transcribing agency: NUST
150 ## - HEADING--TOPICAL TERM
- Topical term or geographic name entry element: Bacterial pollution of water.
670 ## - SOURCE DATA FOUND
- Source citation: Work cat.: (NUST)0: Falconer, Ian R. 3013, Cyanobacterial toxins of drinking water supplies :, 2005.
